Quizzes
Events
Quiz Creation
Community
Videos
Private Events
Remove Ads
Sign In
Join for FREE
Feedback
Dark Mode
Quiz Categories
Sports
Geography
Music
Movies
Television
Just For Fun
Miscellaneous
History
Literature
Language
Science
Gaming
Entertainment
Religion
Holiday
For Kids
Quiz Lab
Recent
Popular Today
Quiz Kudos Today
Editor Picks
Curator Picks
Quizzes by...
Day
Popularity
Type
Ratings
Length
Year
Community
Subscriptions
Recent Discussions
Orange Saloon
Badges
Playlists
Quests
Create
Leaderboards
Showdown
Live 5
Trivia Bingo
Activity
Puzzle Library
Sporcle Events
Private Events
Virtual Trivia
Globe League
Become a Host
Pub Owners
SporcleCon
Opinionation
Our Games
Videos
Blog
Mobile Apps
Partnerships
Remove Ads and Go Orange
Feedback
Music
Pop Music
The Beatles
Song
Album
Lyrics
Bands
Singers
Artist
Clip
Rock
Rap
Classical
Billboard
Country Music
Kpop
Taylor Swift
Music
Pop Music
The Beatles
Song
Album
Lyrics
Bands
Singers
Artist
Clip
Rock
Rap
Classical
Billboard
Country Music
Kpop
Taylor Swift
Random Quiz
Search Sporcle
×
Quiz Lab
Quiz Lab
Music
Rock
Type in answers that appear in a list
Type in answers that appear in a list
Classic
Best Score? Go Orange.
Catfish and the Bottlemen Lyrics - 7 Stats
Can you name the Catfish and the Bottlemen Lyrics - 7?
By
MaryJane12
5m
273 Questions
833 Plays
833 Plays
833 Plays
Comments
Comments
Give Quiz Kudos
Give Quiz Kudos
-
- Ratings
hide this ad
Replay
Link that replays current quiz
Next Quiz
Link to next quiz in quiz playlist
You Got
0%
They Got
Avg Score
82%
Avg Friend Score
Upgrade to see
Score Distribution
Jump to the score distribution portion of the page
Score
0/273
Timer
05:00
0
Plays Today
7
% Correct
a
98.8%
a
98.8%
a
98.8%
I
98.3%
I
98.3%
I
98.3%
I
98.3%
I
98.3%
I
98.3%
I
98.3%
I
98.3%
I
98.3%
I
98.3%
I
98.3%
I
98.3%
I
98.3%
I
98.3%
I
98.3%
I
98.3%
I
98.3%
I
98.3%
I
98.3%
I
98.3%
I
98.3%
I
98.3%
I
98.3%
I
98.3%
never
92.9%
never
92.9%
never
92.9%
never
92.9%
never
92.9%
never
92.9%
never
92.9%
never
92.9%
never
92.9%
never
92.9%
never
92.9%
never
92.9%
never
92.9%
never
92.9%
never
92.9%
call
92.1%
call
92.1%
call
92.1%
call
92.1%
call
92.1%
call
92.1%
days
91.1%
but
91.1%
to
91.1%
but
91.1%
to
91.1%
you
91.1%
but
91.1%
you
91.1%
you
91.1%
but
91.1%
to
91.1%
you
91.1%
But
91.1%
days
91.1%
but
91.1%
to
91.1%
but
91.1%
to
91.1%
you
91.1%
but
91.1%
you
91.1%
you
91.1%
but
91.1%
to
91.1%
you
91.1%
But
91.1%
you
91.1%
but
91.1%
you
91.1%
you
91.1%
but
91.1%
to
91.1%
to
91.1%
you
91.1%
But
91.1%
you
91.1%
but
91.1%
you
91.1%
you
91.1%
but
91.1%
to
91.1%
you
91.1%
But
91.1%
7
% Correct
wanna
89.7%
wanna
89.7%
time
88.6%
time
88.6%
time
88.6%
time
88.6%
time
88.6%
time
88.6%
time
88.6%
time
88.6%
time
88.6%
Larry
88.2%
Larry
88.2%
I'm
87.8%
I'm
87.8%
I'm
87.8%
I'm
87.8%
I'm
87.8%
I'm
87.8%
I'm
87.8%
want
87.6%
want
87.6%
want
87.6%
want
87.6%
couple
87.1%
of
86.9%
of
86.9%
lose
85.8%
for
85.6%
seven
85.3%
seven
85.3%
hours
83.3%
know
83.3%
hours
83.3%
know
83.3%
know
83.3%
know
83.3%
smoke
83%
smoke
83%
behind
82.8%
behind
82.8%
home
82.7%
home
82.7%
home
82.7%
home
82.7%
love
82.2%
love
82.2%
love
82.2%
love
82.2%
need
81.9%
need
81.9%
need
81.9%
need
81.9%
cos
81.8%
cause
81.8%
cause
81.8%
cause
81.8%
cause
81.8%
the
81.6%
the
81.6%
another
81.1%
another
81.1%
another
81.1%
another
81.1%
beg
80.5%
beg
80.5%
beg
80.5%
beg
80.5%
in
80.4%
in
80.4%
alone
79.4%
alone
79.4%
alone
79.4%
year
79.1%
year
79.1%
year
79.1%
probably
77.7%
probably
77.7%
probably
77.7%
probably
77.7%
Forget
77.1%
Forget
77.1%
It
77%
it
77%
it
77%
It
77%
it
77%
it
77%
get
76.7%
get
76.7%
get
76.7%
7
% Correct
load
76.3%
load
76.3%
Promise
74.5%
Promise
74.5%
don't
74.4%
think
74.4%
don't
74.4%
think
74.4%
don't
74.4%
think
74.4%
don't
74.4%
think
74.4%
don't
74.4%
think
74.4%
dont
74.4%
think
74.4%
every
74.2%
every
74.2%
every
74.2%
every
74.2%
through
74.1%
through
74.1%
through
74.1%
through
74.1%
through
74.1%
through
74.1%
things
73.8%
things
73.8%
things
73.8%
things
73.8%
things
73.8%
things
73.8%
come
73.6%
come
73.6%
come
73.6%
come
73.6%
ignore
73.4%
ignore
73.4%
ignore
73.4%
ignore
73.4%
that
72.9%
close
72.9%
that
72.9%
close
72.9%
close
72.9%
close
72.9%
would
72.1%
would
72.1%
disappear
71.7%
coping
71.6%
her
71.4%
her
71.4%
phone
70.9%
phone
70.9%
phone
70.9%
phone
70.9%
again
69.1%
tried
69.1%
again
69.1%
tried
69.1%
tried
69.1%
tried
69.1%
struggled
68.5%
struggled
68.5%
always
68.1%
always
68.1%
I'd
67.6%
I'd
67.6%
I'd
67.6%
I'd
67.6%
I'd
67.6%
I'd
67.6%
I'd
67.6%
I'd
67.6%
I've
64.5%
I've
64.5%
I've
64.5%
I've
64.5%
sleeping
62.7%
second
62.5%
myself
61.6%
didn't
59.4%
didn't
59.4%
It's
59.2%
It's
59.2%
good
58.6%
good
58.6%
though
56%
though
56%
We've
43.6%
We've
43.6%
Quiz Playlist
Details
Report
Send in Message
Add To Playlist
Classic:
Type in answers that appear in a list
Last Updated: Feb 16, 2017
Quiz Scoreboard
CHALLENGE
Sign Up to Join the Scoreboard
Show All
Scores
Hide
Comments
May contain spoilers
Recently Published
Movies - When Are They Set?
by FPL_Elf
Movies
5m
Popular People in 1961
by mucciniale
History
6m
1-10 Letter E Words III
by El_Dandy
Language
2m
More to Explore
Quiz From the Vault
Featured Blog Post
Where Did the Easter Bunny Come From?
hide this ad
You Might Also Like...
Tags
Rock Quiz
indie
Today's Top Quizzes in Music
Browse Music
hide this ad
Today's Top Quizzes in Rock
Browse Rock
Top Contributed Quizzes in Music
1
Taylor Swift All Songs (2024)
2
2010s Album by Cover III
3
Guess the Artist- 70s Songs
4
One Thing in Common: Music
5
Taylor Swift Logic Puzzle
6
Guess the Taylor Swift song (Mystery Song)
7
2010s Album by Cover IV
8
2010s Album by Cover V
9
KPOP LOGIC QUIZ
10
Kpop Logic Quiz
Explore More
Trending Topics
Crossword
Kpop
Marvel
Harry Potter
Disney
Anime
NBA
Pokémon
Soccer
NFL
The Office
Puzzle
Song
WWE
Country
hide this ad
More By:
MaryJane12
Quiz
Plays
Rating
Category
Featured
Created
Catfish and the Bottlemen Lyrics - Cocoon
2,283
4.50
Music
Jan 24, 2016
Catfish and the Bottlemen Lyrics - Kathleen
1,339
4.67
Music
Jan 21, 2016
Catfish and the Bottlemen Lyrics - Soundcheck
1,044
4.50
Music
Feb 20, 2016
Catfish and the Bottlemen Lyrics - 7
833
5.00
Music
Jul 2, 2016
Catfish and the Bottlemen - All Songs
792
4.00
Music
Jul 2, 2016
Go to Creator's Profile
Score Distribution
Quiz Creator Spotlight
MaryJane12
Follow
Send a Message
Quizzes Created
-
Created Quiz Play Count
-
More By This Creator
Popular Quizzes Today
1
Find the Countries of Europe - No Outlines Minefield
2
Find the US States - No Outlines Minefield
3
The Countries of the World
4
Popular People in 1961
5
US States
6
1-10 Letter E Words III
7
Find the US States
8
One Thing in Common: World Cities II
More Music Quizzes
Mutual Missing Word: 'H' Albums
Quiz Lab
Trending Quizzes
Risky Map Clicking: Least Populous States A-Z
1-10 Letter F Words
1-10 Letter G Words
One Thing in Common: United Kingdom
Risky Map Clicking: Next State Alphabetically
Recently Updated
Leaping Animals
pecheneg
Reality TV Shows (A-Z)
bhenderson79
Rickey Henderson's Hall of Fame Teammates
pecheneg
Champions League XIs: Arsenal
pecheneg
Quick Pick: Celebrities in WWE's Hall of Fame
aduchscher
A-Z Keypad Blitz II
pecheneg
Multiple Oscar Actors
pecheneg
Mystery Phrase Blitz: Oscar 'Best Actors'
pecheneg
F. Scott Fitzgerald Novels
LTH
Pick 3 Villains
ddd62291
Trending Topics
Harry Potter
Crossword
Marvel
Anime
NBA
Kpop
Disney
WWE
Soccer
The Office
Puzzle
NFL
Song
Pokémon
Country
Your Account Isn't Verified!
In order to create a playlist on Sporcle, you need to verify the email address you used during registration. Go to your
Sporcle Settings
to finish the process.
Report this User
Report this user for behavior that violates our
Community Guidelines
.
Details:
Send Report
Go to the Sporcle.com Mobile Site →
Comments